| 000 | 00512ntaaa2200193 4500 | ||
|---|---|---|---|
| 003 | 01 | ||
| 005 | 20251027202445.0 | ||
| 008 | 0714s1973 ag 01 | ||
| 040 |
_aAR-BaBN _bspa _cAR-BaBN _eaacr _dRIC |
||
| 082 | _a266.0700 B54 | ||
| 100 |
_aBishop, Ivyloy _923436 |
||
| 245 | _aAppointment for Andy | ||
| 250 | _a1 ed. | ||
| 260 |
_aNashville : _bConvention Press, _cc1959 |
||
| 300 | _a104 p. | ||
| 500 | _aestudio de la obra misionera bautista escrito para niƱos | ||
| 700 | _aBishop, Amelia | ||
| 942 | _cBK | ||
| 999 |
_c19563 _d19563 |
||